[Event "PMPJ 2022 - D13"]
[Site "Jastrzebia Gora"]
[Date "2022.11.11"]
[Round "8.1"]
[White "Branka, Julia"]
[Black "Drozd, Gabriela"]
[Result "1-0"]
[BlackElo "1107"]
[WhiteElo "1143"]
[LiveChessVersion "1.4.8"]

1. e4 {[%clk 1:30:58]} e5 {[%clk 1:30:57]} 2. Nf3 {[%clk 1:31:20]} Nc6
{[%clk 1:31:22]} 3. Bc4 {[%clk 1:31:42]} Bc5 {[%clk 1:31:46]} 4. O-O
{[%clk 1:32:06]} Nf6 {[%clk 1:32:08]} 5. d3 {[%clk 1:32:30]} O-O {[%clk 1:32:32]}
6. c3 {[%clk 1:32:48]} d5 {[%clk 1:32:55]} 7. exd5 {[%clk 1:32:01]} Nxd5
{[%clk 1:33:09]} 8. Re1 {[%clk 1:31:30]} Bg4 {[%clk 1:29:22]} 9. h3
{[%clk 1:23:55]} Bh5 {[%clk 1:29:26]} 10. Nbd2 {[%clk 1:14:23]} Nb6
{[%clk 1:24:06]} 11. Bb3 {[%clk 1:03:56]} Qxd3 {[%clk 1:19:30]} 12. Nxe5
{[%clk 1:01:26]} Qf5 {[%clk 1:19:03]} 13. Ndf3 {[%clk 0:59:35]} Bxf3
{[%clk 1:13:05]} 14. Qxf3 {[%clk 0:58:06]} Qxf3 {[%clk 1:13:17]} 15. Nxf3
{[%clk 0:58:29]} Bd6 {[%clk 1:12:04]} 16. Be3 {[%clk 0:57:11]} h6
{[%clk 1:10:53]} 17. Rad1 {[%clk 0:51:52]} Na5 {[%clk 1:06:30]} 18. Bc2
{[%clk 0:49:26]} Nac4 {[%clk 1:05:56]} 19. Bc1 {[%clk 0:49:38]} Rfe8
{[%clk 1:05:56]} 20. b3 {[%clk 0:48:45]} Ne5 {[%clk 1:05:59]} 21. Nd4
{[%clk 0:47:34]} a6 {[%clk 1:04:34]} 22. Nf5 {[%clk 0:42:34]} Bf8
{[%clk 1:03:52]} 23. Bf4 {[%clk 0:39:57]} Nbd7 {[%clk 1:02:49]} 24. Kf1
{[%clk 0:37:26]} Rac8 {[%clk 0:57:44]} 25. Be4 {[%clk 0:35:39]} Nc5
{[%clk 0:56:04]} 26. Bxb7 {[%clk 0:33:01]} Nxb7 {[%clk 0:55:06]} 27. Rxe5
{[%clk 0:32:26]} Rxe5 {[%clk 0:52:43]} 28. Bxe5 {[%clk 0:32:48]} Nc5
{[%clk 0:52:19]} 29. Bxg7 {[%clk 0:31:02]} Kh7 {[%clk 0:49:35]} 30. Bxf8 Rxf8
{[%clk 0:49:54]} 31. Rd5 {[%clk 0:30:33]} Ne4 {[%clk 0:48:57]} 32. c4
{[%clk 0:28:08]} Nc3 {[%clk 0:48:11]} 33. Ra5 {[%clk 0:27:54]} Ra8
{[%clk 0:47:55]} 34. f3 {[%clk 0:26:25]} Kg6 {[%clk 0:46:13]} 35. Ne7+ Kg7
{[%clk 0:46:09]} 36. Nd5 {[%clk 0:24:42]} Nxd5 {[%clk 0:45:49]} 37. Rxd5
{[%clk 0:25:07]} a5 {[%clk 0:46:10]} 38. Ke2 {[%clk 0:25:02]} a4 {[%clk 0:46:30]}
39. b4 {[%clk 0:24:31]} a3 {[%clk 0:46:53]} 40. Ra5 {[%clk 0:23:31]} Rb8
{[%clk 0:46:45]} 41. b5 {[%clk 0:23:56]} Re8+ {[%clk 0:46:50]} 42. Kd2
{[%clk 0:23:52]} Rd8+ {[%clk 0:47:13]} 43. Kc3 {[%clk 0:22:22]} Re8
{[%clk 0:47:38]} 44. Rxa3 {[%clk 0:21:58]} Re2 {[%clk 0:48:03]} 45. g4
{[%clk 0:19:52]} Rh2 {[%clk 0:48:21]} 46. Kb4 {[%clk 0:19:58]} Rxh3
{[%clk 0:48:47]} 47. Rb3 {[%clk 0:19:55]} Rh2 {[%clk 0:49:01]} 48. a4
{[%clk 0:20:19]} h5 {[%clk 0:49:04]} 49. gxh5 {[%clk 0:20:31]} Rxh5
{[%clk 0:49:27]} 50. a5 {[%clk 0:20:52]} Rh8 {[%clk 0:49:44]} 51. a6
{[%clk 0:21:09]} f5 {[%clk 0:49:55]} 52. a7 {[%clk 0:21:26]} Ra8 {[%clk 0:50:22]}
53. Ra3 {[%clk 0:21:51]} Kf7 {[%clk 0:50:23]} 54. c5 {[%clk 0:20:44]} Ke7
{[%clk 0:50:07]} 55. b6 {[%clk 0:20:50]} cxb6 {[%clk 0:50:26]} 56. cxb6
{[%clk 0:21:15]} Rd8 {[%clk 0:50:38]} 57. a8=Q {[%clk 0:21:33]} Rxa8
{[%clk 0:50:54]} 58. Rxa8 {[%clk 0:21:55]} Kd7 {[%clk 0:51:20]} 59. b7
{[%clk 0:22:09]} Kc7 {[%clk 0:51:46]} 60. b8=Q+ {[%clk 0:22:30]} 1-0

[Event "PMPJ 2022 - D13"]
[Site "Jastrzebia Gora"]
[Date "2022.11.11"]
[Round "8.3"]
[White "Doskocz, Dominika"]
[Black "Kretowicz, Daria"]
[Result "1-0"]
[BlackElo "1115"]
[WhiteElo "1158"]
[LiveChessVersion "1.4.8"]

1. e4 {[%clk 1:30:57]} c5 {[%clk 1:30:50]} 2. Nc3 {[%clk 1:31:15]} d6
{[%clk 1:30:16]} 3. g3 {[%clk 1:31:26]} Nf6 {[%clk 1:29:41]} 4. Bg2
{[%clk 1:30:38]} Nc6 {[%clk 1:25:24]} 5. Nge2 {[%clk 1:30:41]} g6
{[%clk 1:12:28]} 6. d3 {[%clk 1:30:42]} Bg7 {[%clk 1:11:20]} 7. h3
{[%clk 1:30:21]} O-O {[%clk 1:08:50]} 8. Be3 {[%clk 1:29:26]} a6 {[%clk 1:06:26]}
9. Qd2 {[%clk 1:28:33]} Qc7 {[%clk 1:01:58]} 10. Bh6 {[%clk 1:27:45]} Be6
{[%clk 0:57:25]} 11. f3 {[%clk 1:14:46]} Rac8 {[%clk 0:53:30]} 12. h4
{[%clk 1:14:44]} Nd4 {[%clk 0:47:25]} 13. h5 {[%clk 1:11:50]} Bxh6
{[%clk 0:40:01]} 14. Qxh6 {[%clk 1:06:06]} Nxc2+ {[%clk 0:40:03]} 15. Kd2
{[%clk 1:06:07]} Nxa1 {[%clk 0:38:52]} 16. hxg6 {[%clk 1:04:26]} fxg6
{[%clk 0:33:15]} 17. Nf4 {[%clk 1:02:41]} Qb6 {[%clk 0:20:44]} 18. Kc1
{[%clk 0:50:55]} Rf7 {[%clk 0:16:11]} 19. Nxe6 {[%clk 0:49:42]} Nb3+
{[%clk 0:14:35]} 20. axb3 {[%clk 0:49:31]} Qxb3 {[%clk 0:14:55]} 21. Ng5
{[%clk 0:49:04]} Rg7 {[%clk 0:14:19]} 22. Bh3 {[%clk 0:46:42]} c4
{[%clk 0:10:46]} 23. Bxc8 {[%clk 0:45:34]} Kh8 {[%clk 0:10:45]} 24. dxc4
{[%clk 0:45:06]} Qxc4 {[%clk 0:10:47]} 25. Be6 {[%clk 0:44:02]} Qc5
{[%clk 0:09:55]} 26. Nf7+ {[%clk 0:32:39]} Kg8 {[%clk 0:10:18]} 27. Ne5+
{[%clk 0:31:22]} Kh8 {[%clk 0:09:40]} 28. Ng4 {[%clk 0:20:00]} b5
{[%clk 0:09:29]} 29. Nxf6 {[%clk 0:19:28]} exf6 {[%clk 0:09:27]} 30. Kb1
{[%clk 0:18:27]} b4 {[%clk 0:09:04]} 31. Nd5 {[%clk 0:16:50]} Qd4
{[%clk 0:07:38]} 32. Nf4 {[%clk 0:15:39]} Qa7 {[%clk 0:07:37]} 33. Nxg6+
{[%clk 0:14:22]} Rxg6 {[%clk 0:07:49]} 34. Qf8+ {[%clk 0:14:37]} 1-0

[Event "PMPJ 2022 - D13"]
[Site "Jastrzebia Gora"]
[Date "2022.11.11"]
[Round "8.4"]
[White "Chmielek, Kamelia"]
[Black "Pietrzak, Antonina"]
[Result "1-0"]
[BlackElo "1086"]
[WhiteElo "1386"]
[LiveChessVersion "1.4.8"]

1. e4 {[%clk 1:30:59]} e5 {[%clk 1:30:59]} 2. Nf3 {[%clk 1:31:22]} Nc6
{[%clk 1:31:28]} 3. Bc4 {[%clk 1:31:46]} Be7 {[%clk 1:31:55]} 4. O-O
{[%clk 1:31:58]} Nf6 {[%clk 1:32:23]} 5. d3 {[%clk 1:32:18]} O-O {[%clk 1:32:48]}
6. Re1 {[%clk 1:29:59]} Na5 {[%clk 1:31:24]} 7. Nxe5 {[%clk 1:30:13]} d6
{[%clk 1:31:25]} 8. Nf3 {[%clk 1:17:26]} Nxc4 {[%clk 1:30:25]} 9. dxc4
{[%clk 1:17:51]} Bg4 {[%clk 1:29:34]} 10. Qd3 {[%clk 1:15:22]} Re8
{[%clk 1:26:21]} 11. Nc3 {[%clk 1:09:41]} Qd7 {[%clk 1:24:15]} 12. b3
{[%clk 1:00:37]} Bxf3 {[%clk 1:15:24]} 13. Qxf3 {[%clk 1:00:30]} d5
{[%clk 0:58:53]} 14. exd5 {[%clk 0:48:01]} Bb4 {[%clk 0:56:16]} 15. Bb2
{[%clk 0:30:30]} Ng4 {[%clk 0:41:44]} 16. h3 {[%clk 0:28:08]} Ne5
{[%clk 0:38:19]} 17. Qg3 {[%clk 0:22:40]} Qf5 {[%clk 0:30:41]} 18. Re2
{[%clk 0:21:23]} Re7 {[%clk 0:29:31]} 19. Ne4 {[%clk 0:14:14]} Rae8
{[%clk 0:25:30]} 20. a3 {[%clk 0:13:14]} Bd6 {[%clk 0:24:31]} 21. Nxd6
{[%clk 0:10:59]} cxd6 {[%clk 0:25:00]} 22. Rae1 {[%clk 0:10:57]} f6
{[%clk 0:22:52]} 23. Kf1 {[%clk 0:08:53]} Kf7 {[%clk 0:22:15]} 24. Bxe5
{[%clk 0:08:46]} dxe5 {[%clk 0:22:09]} 25. Qe3 {[%clk 0:07:42]} b6
{[%clk 0:21:39]} 26. Kg1 {[%clk 0:07:06]} g5 27. f3 {[%clk 0:07:19]} h5
{[%clk 0:19:31]} 28. Qe4 {[%clk 0:07:17]} Qxe4 {[%clk 0:18:15]} 29. fxe4
{[%clk 0:07:40]} Rd7 {[%clk 0:17:25]} 30. Re3 {[%clk 0:07:15]} Rc8
{[%clk 0:16:22]} 31. Rc1 {[%clk 0:04:35]} Rdc7 {[%clk 0:13:52]} 32. Re2
{[%clk 0:04:47]} a5 {[%clk 0:13:04]} 33. Rf2 {[%clk 0:03:24]} Ke7
{[%clk 0:12:33]} 34. Rcf1 {[%clk 0:03:33]} Rf8 {[%clk 0:12:21]} 35. h4
{[%clk 0:03:42]} g4 {[%clk 0:12:23]} 36. Rf5 {[%clk 0:04:06]} Rcc8
{[%clk 0:10:36]} 37. Rxh5 {[%clk 0:04:25]} b5 {[%clk 0:09:34]} 38. cxb5
{[%clk 0:02:03]} Rxc2 {[%clk 0:09:28]} 39. Rd1 {[%clk 0:01:47]} Rf7
{[%clk 0:08:23]} 40. Rh8 {[%clk 0:01:56]} Rf8 {[%clk 0:07:30]} 41. d6+
{[%clk 0:02:00]} Kf7 {[%clk 0:07:20]} 42. Rxf8+ {[%clk 0:02:18]} Kxf8
{[%clk 0:07:49]} 43. d7 {[%clk 0:02:41]} 1-0

[Event "PMPJ 2022 - D13"]
[Site "Jastrzebia Gora"]
[Date "2022.11.11"]
[Round "8.5"]
[White "Wrona, Faustyna"]
[Black "Woytitzki, Sophie"]
[Result "1-0"]
[BlackElo "1129"]
[WhiteElo "1094"]
[LiveChessVersion "1.4.8"]

1. e4 {[%clk 1:30:58]} e5 {[%clk 1:30:54]} 2. Nf3 {[%clk 1:31:25]} Nc6
{[%clk 1:31:18]} 3. d4 {[%clk 1:31:51]} exd4 {[%clk 1:31:42]} 4. Nxd4
{[%clk 1:32:13]} Bc5 {[%clk 1:31:59]} 5. Nb3 {[%clk 1:32:12]} Bb4+
{[%clk 1:32:16]} 6. c3 {[%clk 1:32:20]} Be7 {[%clk 1:32:40]} 7. Bd3
{[%clk 1:31:25]} d6 {[%clk 1:32:25]} 8. O-O {[%clk 1:31:26]} Bg5 {[%clk 1:29:26]}
9. Bxg5 {[%clk 1:28:47]} Qxg5 {[%clk 1:29:39]} 10. f4 {[%clk 1:26:32]} Qh6
{[%clk 1:28:45]} 11. N1d2 {[%clk 1:25:59]} Nf6 {[%clk 1:27:42]} 12. h3
{[%clk 1:14:37]} Bd7 {[%clk 1:21:38]} 13. Qf3 {[%clk 1:07:48]} O-O-O
{[%clk 1:21:25]} 14. Nc4 {[%clk 1:03:47]} Rhe8 {[%clk 1:19:31]} 15. Nca5
{[%clk 1:02:06]} Re7 {[%clk 1:01:43]} 16. Qe2 {[%clk 0:48:32]} Nd5
{[%clk 0:58:49]} 17. Qf3 {[%clk 0:46:23]} Nb6 {[%clk 0:58:46]} 18. Nxc6
{[%clk 0:45:37]} Bxc6 {[%clk 0:59:06]} 19. Nd4 {[%clk 0:45:31]} d5
{[%clk 0:57:00]} 20. Nf5 {[%clk 0:45:07]} dxe4 {[%clk 0:56:13]} 21. Nxe7+
{[%clk 0:45:22]} Kb8 {[%clk 0:56:32]} 22. Nxc6+ {[%clk 0:45:33]} bxc6
{[%clk 0:56:51]} 23. Bxe4 {[%clk 0:45:57]} Nc4 {[%clk 0:56:55]} 24. Rfd1
{[%clk 0:43:59]} Rd6 {[%clk 0:55:18]} 25. Rxd6 {[%clk 0:43:22]} Qxd6
{[%clk 0:55:23]} 26. Rd1 {[%clk 0:43:05]} Qc5+ {[%clk 0:55:38]} 27. Kh2
{[%clk 0:43:01]} g5 {[%clk 0:55:41]} 28. Rd8+ {[%clk 0:42:34]} Kb7
{[%clk 0:56:04]} 29. Bxc6+ {[%clk 0:42:07]} Ka6 {[%clk 0:55:25]} 30. Rb8
{[%clk 0:39:34]} Qd6 {[%clk 0:54:32]} 31. Bb5+ {[%clk 0:39:37]} Ka5
{[%clk 0:54:52]} 32. b4+ {[%clk 0:39:50]} Qxb4 {[%clk 0:55:13]} 33. cxb4+
{[%clk 0:40:11]} Kxb4 {[%clk 0:55:40]} 34. Qb3+ {[%clk 0:40:02]} Kc5
{[%clk 0:56:01]} 35. Qxc4+ {[%clk 0:40:27]} Kd6 {[%clk 0:56:24]} 36. Re8
{[%clk 0:40:38]} c5 {[%clk 0:56:40]} 37. Qd3+ {[%clk 0:40:29]} Kc7
{[%clk 0:56:56]} 38. Qd7+ {[%clk 0:40:53]} Kb6 {[%clk 0:57:18]} 39. Qc6+
{[%clk 0:41:10]} Ka5 {[%clk 0:57:35]} 40. a3 {[%clk 0:41:33]} gxf4
{[%clk 0:57:54]} 41. Qa6# {[%clk 0:41:56]} 1-0

[Event "PMPJ 2022 - D13"]
[Site "Jastrzebia Gora"]
[Date "2022.11.11"]
[Round "8.6"]
[White "Pajer, Irena"]
[Black "Kaminska, Zuzanna"]
[Result "1-0"]
[BlackElo "1066"]
[WhiteElo "1112"]
[LiveChessVersion "1.4.8"]

1. d4 {[%clk 1:30:59]} d5 {[%clk 1:30:54]} 2. Nf3 {[%clk 1:31:18]} Nf6
{[%clk 1:28:14]} 3. g3 {[%clk 1:30:08]} Bf5 {[%clk 1:25:32]} 4. Bg2
{[%clk 1:28:28]} e6 {[%clk 1:24:23]} 5. O-O {[%clk 1:27:37]} Bd6 {[%clk 1:20:18]}
6. b3 {[%clk 1:25:11]} O-O {[%clk 1:16:14]} 7. c4 {[%clk 1:23:47]} c6
{[%clk 1:13:45]} 8. Nc3 {[%clk 1:21:40]} Nbd7 {[%clk 1:07:59]} 9. Bb2
{[%clk 1:18:09]} e5 {[%clk 1:05:12]} 10. cxd5 {[%clk 1:15:39]} cxd5
{[%clk 1:05:22]} 11. Nb5 {[%clk 1:15:47]} Bb8 {[%clk 1:03:06]} 12. dxe5
{[%clk 1:15:51]} Ne4 {[%clk 1:02:47]} 13. Qxd5 {[%clk 1:15:03]} Ndc5
{[%clk 0:59:02]} 14. Qxd8 {[%clk 1:14:15]} Rxd8 {[%clk 0:59:24]} 15. Rfd1
{[%clk 1:14:23]} Re8 {[%clk 0:58:08]} 16. b4 {[%clk 1:14:34]} Na4
{[%clk 0:57:54]} 17. Bd4 {[%clk 1:11:18]} a6 {[%clk 0:57:23]} 18. Na3
{[%clk 1:11:18]} Nac3 {[%clk 0:54:44]} 19. Re1 {[%clk 1:01:52]} Nd5
{[%clk 0:53:16]} 20. Nh4 {[%clk 1:01:32]} g6 {[%clk 0:47:47]} 21. g4
{[%clk 0:58:35]} Bxg4 {[%clk 0:46:36]} 22. Bxe4 {[%clk 0:58:52]} Bxe5
{[%clk 0:45:48]} 23. Bxe5 {[%clk 0:58:15]} Rxe5 {[%clk 0:46:10]} 24. f3
{[%clk 0:58:10]} Be6 {[%clk 0:45:17]} 25. Bxd5 {[%clk 0:57:33]} Rxd5
{[%clk 0:45:24]} 26. Ng2 {[%clk 0:56:49]} Rd4 {[%clk 0:44:30]} 27. Nc2
{[%clk 0:56:53]} Rd2 {[%clk 0:43:37]} 28. Nge3 {[%clk 0:55:40]} f5
{[%clk 0:42:53]} 29. Na3 {[%clk 0:49:16]} Bxa2 {[%clk 0:41:56]} 30. Nec4
{[%clk 0:49:26]} Bxc4 {[%clk 0:42:16]} 31. Nxc4 {[%clk 0:49:43]} Rd4
{[%clk 0:42:28]} 32. Nb6 {[%clk 0:48:31]} Rad8 {[%clk 0:41:28]} 33. Rab1
{[%clk 0:47:34]} R8d6 {[%clk 0:40:25]} 34. Na4 {[%clk 0:47:17]} b5
{[%clk 0:39:48]} 35. Nc5 {[%clk 0:47:31]} Kf7 {[%clk 0:39:06]} 36. e3
{[%clk 0:46:36]} Rc4 {[%clk 0:36:48]} 37. Rec1 {[%clk 0:45:26]} Rxc1+
{[%clk 0:35:47]} 38. Rxc1 {[%clk 0:45:50]} Kf6 {[%clk 0:35:51]} 39. Ra1
{[%clk 0:45:17]} Kg5 {[%clk 0:35:30]} 40. Nxa6 {[%clk 0:37:39]} Kh4
{[%clk 0:35:30]} 41. Nc5 {[%clk 0:37:34]} Kh3 {[%clk 0:35:33]} 42. Ra7
{[%clk 0:32:42]} h5 {[%clk 0:35:09]} 43. Rd7 {[%clk 0:33:02]} Rxd7
{[%clk 0:34:02]} 44. Nxd7 {[%clk 0:33:28]} f4 {[%clk 0:34:17]} 45. e4
{[%clk 0:33:06]} g5 {[%clk 0:34:14]} 46. e5 {[%clk 0:33:28]} g4 {[%clk 0:33:51]}
47. e6 {[%clk 0:33:09]} g3 {[%clk 0:33:31]} 48. hxg3 {[%clk 0:33:18]} Kxg3
{[%clk 0:33:41]} 49. e7 {[%clk 0:33:41]} h4 {[%clk 0:33:56]} 50. e8=Q
{[%clk 0:33:48]} 1-0

[Event "PMPJ 2022 - D13"]
[Site "Jastrzebia Gora"]
[Date "2022.11.13"]
[Round "9.1"]
[White "Kucia, Kinga"]
[Black "Branka, Julia"]
[Result "1/2-1/2"]
[BlackElo "1143"]
[WhiteElo "1162"]
[LiveChessVersion "1.4.8"]

1. d4 {[%clk 1:30:58]} d5 {[%clk 1:30:54]} 2. c4 {[%clk 1:31:20]} e6
{[%clk 1:31:20]} 3. Nc3 {[%clk 1:31:38]} Nf6 {[%clk 1:31:45]} 4. cxd5
{[%clk 1:32:21]} exd5 {[%clk 1:32:09]} 5. Bg5 c6 {[%clk 1:32:26]} 6. Qc2
{[%clk 1:32:13]} Be7 {[%clk 1:32:50]} 7. e3 {[%clk 1:32:23]} O-O {[%clk 1:33:11]}
8. Bd3 {[%clk 1:32:06]} Nbd7 {[%clk 1:33:19]} 9. Nf3 {[%clk 1:32:09]} Re8
{[%clk 1:33:34]} 10. O-O {[%clk 1:32:00]} h6 {[%clk 1:33:47]} 11. Bh4
{[%clk 1:31:45]} Ne4 {[%clk 1:33:14]} 12. Bxe7 {[%clk 1:30:11]} Qxe7
{[%clk 1:33:28]} 13. Rab1 {[%clk 1:27:18]} a5 {[%clk 1:28:45]} 14. a3
{[%clk 1:17:26]} Ndf6 {[%clk 1:27:20]} 15. Rfc1 {[%clk 1:11:47]} Bf5
{[%clk 1:23:11]} 16. h3 {[%clk 1:08:51]} Rec8 {[%clk 1:19:29]} 17. Na4
{[%clk 1:01:32]} Nd7 {[%clk 1:17:08]} 18. Qe2 {[%clk 0:54:31]} b5
{[%clk 1:15:01]} 19. Nc3 {[%clk 0:52:34]} Nb6 {[%clk 1:14:29]} 20. Nd2
{[%clk 0:47:16]} Nxd2 {[%clk 1:12:46]} 21. Qxd2 {[%clk 0:43:56]} Nc4
{[%clk 1:11:39]} 22. Qe2 {[%clk 0:41:49]} Qg5 {[%clk 1:09:10]} 23. Bxf5
{[%clk 0:39:46]} Qxf5 {[%clk 1:08:52]} 24. Ra1 {[%clk 0:36:09]} a4
{[%clk 1:05:46]} 25. Rc2 {[%clk 0:33:40]} Re8 {[%clk 1:03:45]} 26. Rcc1
{[%clk 0:31:08]} Rac8 {[%clk 1:00:48]} 27. Qc2 {[%clk 0:30:35]} Qxc2
{[%clk 1:00:44]} 28. Rxc2 {[%clk 0:31:01]} Na5 {[%clk 0:57:36]} 29. Rd1
{[%clk 0:27:42]} Nc4 {[%clk 0:55:45]} 30. Na2 {[%clk 0:26:04]} f5
{[%clk 0:44:08]} 31. Nb4 {[%clk 0:25:16]} Rf8 {[%clk 0:42:39]} 32. Nd3
{[%clk 0:24:05]} g5 {[%clk 0:38:38]} 33. g3 {[%clk 0:23:24]} h5 {[%clk 0:36:44]}
34. Kh2 {[%clk 0:21:05]} h4 {[%clk 0:35:12]} 35. gxh4 {[%clk 0:20:34]} gxh4
{[%clk 0:35:24]} 36. Rg1+ {[%clk 0:20:42]} Kh7 {[%clk 0:34:49]} 37. Rg5
{[%clk 0:19:47]} Kh6 {[%clk 0:35:01]} 38. Rg2 {[%clk 0:18:25]} Rg8
{[%clk 0:34:11]} 39. Rxg8 {[%clk 0:15:06]} Rxg8 {[%clk 0:34:33]} 40. Rc1
{[%clk 0:14:09]} Rg5 {[%clk 0:33:16]} 41. Rg1 {[%clk 0:13:58]} Rxg1
{[%clk 0:32:54]} 42. Kxg1 {[%clk 0:14:24]} f4 {[%clk 0:32:01]} 43. exf4
{[%clk 0:12:47]} Kg7 {[%clk 0:30:10]} 44. Kg2 {[%clk 0:12:46]} Kf6
{[%clk 0:30:30]} 45. f3 {[%clk 0:11:46]} Ne3+ {[%clk 0:30:05]} 46. Kf2
{[%clk 0:11:24]} Nf5 {[%clk 0:30:26]} 47. Nb4 {[%clk 0:11:00]} Nxd4
{[%clk 0:30:26]} 48. Ke3 {[%clk 0:10:47]} Nf5+ {[%clk 0:30:40]} 49. Kd3
{[%clk 0:10:31]} Ne7 {[%clk 0:30:40]} 50. Kd4 {[%clk 0:10:19]} Kf5
{[%clk 0:29:42]} 51. Nd3 {[%clk 0:09:28]} Ng6 {[%clk 0:29:03]} 52. Ne5
{[%clk 0:08:53]} Nxf4 {[%clk 0:27:41]} 53. Nxc6 {[%clk 0:09:04]} Nxh3
{[%clk 0:27:38]} 54. Ne7+ {[%clk 0:09:10]} Kg5 {[%clk 0:26:51]} 55. Nxd5
{[%clk 0:09:12]} Nf4 {[%clk 0:25:40]} 56. Ne3 {[%clk 0:08:35]} Ne6+
{[%clk 0:24:52]} 57. Ke5 {[%clk 0:08:03]} h3 {[%clk 0:23:43]} 58. Ng4
{[%clk 0:07:39]} Nf4 {[%clk 0:23:59]} 59. Ke4 {[%clk 0:07:35]} Nh5
{[%clk 0:22:53]} 60. Ke3 {[%clk 0:07:21]} Nf6 {[%clk 0:21:03]} 61. Nh2
{[%clk 0:07:09]} Kh4 {[%clk 0:19:47]} 62. Kf2 {[%clk 0:06:42]} Nd5
{[%clk 0:19:41]} 63. Ng4 {[%clk 0:06:20]} Nf4 {[%clk 0:18:13]} 64. Ke3
{[%clk 0:06:30]} Kg3 {[%clk 0:18:07]} 65. Ke4 {[%clk 0:06:34]} Nh5
{[%clk 0:17:28]} 66. Ke3 {[%clk 0:05:56]} Nf4 {[%clk 0:14:06]} 67. Ke4
{[%clk 0:05:51]} Ng2 {[%clk 0:13:59]} 68. Kd4 {[%clk 0:05:21]} Ne1
{[%clk 0:13:41]} 1/2-1/2

[Event "PMPJ 2022 - D13"]
[Site "Jastrzebia Gora"]
[Date "2022.11.13"]
[Round "9.3"]
[White "Doskocz, Dominika"]
[Black "Chmielek, Kamelia"]
[Result "1/2-1/2"]
[BlackElo "1386"]
[WhiteElo "1158"]
[LiveChessVersion "1.4.8"]

1. e4 {[%clk 1:30:59]} e5 {[%clk 1:30:56]} 2. Nf3 {[%clk 1:31:25]} Nc6
{[%clk 1:31:22]} 3. Bc4 {[%clk 1:31:51]} Bc5 {[%clk 1:31:45]} 4. Nc3
{[%clk 1:32:11]} Nf6 {[%clk 1:31:42]} 5. d3 {[%clk 1:32:31]} h6 {[%clk 1:31:59]}
6. Be3 {[%clk 1:32:48]} Bb6 {[%clk 1:32:24]} 7. Qd2 {[%clk 1:32:28]} d6
{[%clk 1:32:47]} 8. Bb3 {[%clk 1:32:14]} Be6 {[%clk 1:32:35]} 9. h3
{[%clk 1:31:39]} Qd7 {[%clk 1:28:16]} 10. O-O-O {[%clk 1:18:54]} Bxb3
{[%clk 1:27:00]} 11. axb3 {[%clk 1:13:52]} Ba5 {[%clk 1:05:58]} 12. Qe2
{[%clk 1:12:54]} O-O-O {[%clk 1:02:28]} 13. Bd2 {[%clk 1:04:47]} Nd4
{[%clk 0:54:13]} 14. Nxd4 {[%clk 1:03:11]} exd4 {[%clk 0:54:38]} 15. Nd5
{[%clk 0:54:26]} Bxd2+ {[%clk 0:51:24]} 16. Rxd2 {[%clk 0:50:57]} Nxd5
{[%clk 0:50:35]} 17. exd5 {[%clk 0:51:14]} Kb8 {[%clk 0:37:28]} 18. Qe4
{[%clk 0:41:54]} c5 {[%clk 0:25:00]} 19. dxc6 {[%clk 0:41:32]} Qxc6
{[%clk 0:25:26]} 20. f3 {[%clk 0:31:01]} Qc5 {[%clk 0:25:32]} 21. Kb1
{[%clk 0:29:25]} Rhe8 {[%clk 0:24:48]} 22. Qf4 {[%clk 0:24:27]} Re7
{[%clk 0:24:42]} 23. Rdd1 {[%clk 0:22:35]} Rde8 {[%clk 0:24:49]} 24. Qg3
{[%clk 0:20:19]} Re2 {[%clk 0:23:32]} 25. Rc1 {[%clk 0:18:23]} g6
{[%clk 0:16:30]} 26. Rhe1 {[%clk 0:15:00]} Qe5 {[%clk 0:14:24]} 27. Qxe5
{[%clk 0:14:49]} R8xe5 {[%clk 0:13:48]} 28. Rxe2 {[%clk 0:13:24]} Rxe2
{[%clk 0:14:14]} 29. Rg1 {[%clk 0:13:31]} f5 {[%clk 0:12:53]} 30. g4
{[%clk 0:12:03]} f4 31. g5 {[%clk 0:05:42]} h5 {[%clk 0:13:01]} 32. Rf1
{[%clk 0:05:19]} Kc7 {[%clk 0:12:55]} 33. Kc1 {[%clk 0:05:24]} Rh2
{[%clk 0:06:56]} 34. h4 {[%clk 0:05:24]} Rxh4 {[%clk 0:06:33]} 35. Re1
{[%clk 0:04:49]} Rh3 {[%clk 0:05:04]} 36. Re6 {[%clk 0:03:44]} Rxf3
{[%clk 0:05:20]} 37. Rxg6 {[%clk 0:04:04]} Rg3 {[%clk 0:05:27]} 38. Rf6
{[%clk 0:03:21]} Rxg5 {[%clk 0:05:14]} 39. Rxf4 {[%clk 0:03:35]} Rg1+
{[%clk 0:05:10]} 40. Kd2 {[%clk 0:03:53]} Rg2+ {[%clk 0:05:22]} 41. Kd1
{[%clk 0:04:15]} 1/2-1/2

[Event "PMPJ 2022 - D13"]
[Site "Jastrzebia Gora"]
[Date "2022.11.13"]
[Round "9.4"]
[White "Pietrzak, Antonina"]
[Black "Wrona, Faustyna"]
[Result "1-0"]
[BlackElo "1094"]
[WhiteElo "1086"]
[LiveChessVersion "1.4.8"]

1. e4 {[%clk 1:30:59]} e5 {[%clk 1:30:56]} 2. Nf3 {[%clk 1:31:26]} Nc6
{[%clk 1:31:22]} 3. Bb5 {[%clk 1:31:49]} Nge7 {[%clk 1:31:45]} 4. Nc3
{[%clk 1:31:04]} g6 {[%clk 1:30:29]} 5. d4 exd4 6. Nd5 {[%clk 1:29:16]} Bg7
{[%clk 1:28:15]} 7. Bg5 {[%clk 1:26:38]} h6 {[%clk 1:27:19]} 8. Bf6
{[%clk 1:25:37]} O-O {[%clk 1:21:40]} 9. Bxc6 {[%clk 1:23:08]} Bxf6 10. Nxf6+
{[%clk 1:21:11]} Kg7 {[%clk 1:22:24]} 11. Ba4 {[%clk 1:20:29]} Kxf6
{[%clk 1:19:20]} 12. Qxd4+ {[%clk 1:20:34]} Ke6 13. Qe5# 1-0

[Event "PMPJ 2022 - D13"]
[Site "Jastrzebia Gora"]
[Date "2022.11.13"]
[Round "9.5"]
[White "Drozd, Gabriela"]
[Black "Pajer, Irena"]
[Result "1-0"]
[BlackElo "1112"]
[WhiteElo "1107"]
[LiveChessVersion "1.4.8"]

1. e4 {[%clk 1:30:57]} c5 {[%clk 1:30:53]} 2. Nf3 {[%clk 1:31:20]} e6
{[%clk 1:31:12]} 3. c4 {[%clk 1:31:35]} Nc6 {[%clk 1:30:45]} 4. Nc3
{[%clk 1:31:37]} Nge7 {[%clk 1:28:40]} 5. d4 {[%clk 1:31:25]} cxd4
{[%clk 1:28:36]} 6. Nxd4 {[%clk 1:31:47]} d5 {[%clk 1:27:34]} 7. cxd5
{[%clk 1:31:15]} exd5 {[%clk 1:27:33]} 8. exd5 {[%clk 1:26:14]} Nxd5
{[%clk 1:27:44]} 9. Nxc6 {[%clk 1:25:49]} bxc6 {[%clk 1:27:14]} 10. Bd2
{[%clk 1:25:20]} Rb8 {[%clk 1:21:56]} 11. Nxd5 {[%clk 1:17:13]} Qxd5
{[%clk 1:17:14]} 12. Bc3 {[%clk 1:16:53]} Qg5 {[%clk 1:04:14]} 13. Qf3
{[%clk 1:15:33]} Bb7 {[%clk 0:53:11]} 14. Bc4 {[%clk 1:12:49]} Qg6
{[%clk 0:44:14]} 15. O-O {[%clk 1:12:26]} Be7 {[%clk 0:41:00]} 16. Rfe1
{[%clk 1:12:22]} c5 {[%clk 0:41:01]} 17. Bd5 {[%clk 1:12:39]} Bc8
{[%clk 0:34:09]} 18. Qf4 {[%clk 1:09:41]} Rb6 {[%clk 0:28:41]} 19. Qc7
{[%clk 1:08:03]} Bd7 {[%clk 0:27:50]} 20. Ba5 {[%clk 1:07:58]} 1-0